Learner strategies in language learning

Shranjeno v:
Bibliografske podrobnosti
Main Authors: Wenden, Anita (Author), Rubin, Joan (Author)
Format: Knjiga
Jezik:angleščina
Izdano: Londres Prentice Hall 1987
Serija:Language Teaching Methodology Series
Teme:
Oznake: Označite
Brez oznak, prvi označite!

MARC

LEADER 00000nam a2200000 a 4500
001 UCO9200
003 CL-VaPUC
008 010119e19870000UK |||||||||||||||||eng|d
082 0 4 |a 418.007  |b WEN  |2 21 
100 0 |a Wenden, Anita  |e author  |9 454200 
700 0 |a Rubin, Joan  |e author  |9 454201 
245 1 0 |a Learner strategies in language learning 
300 |a 181 p 
942 |c BK 
945 |d 20010119 00:00:00  |a cmena 
260 |a Londres  |b Prentice Hall  |c 1987 
650 0 |a Educación lingüística  |9 306506 
650 0 |a Enseñanza del lenguaje  |9 373325 
650 0 |a Métodos de enseñanza  |9 270413 
583 |a last modification  |c 20010119 00:00:00  |k Rodrigo Vera 
490 0 |a Language Teaching Methodology Series 
999 |c 293476  |d 293474 
952 |0 0  |1 0  |4 0  |6 418_007000000000000_WEN_1987  |7 0  |8 A  |9 345034  |a FDOPOS  |b FDOPOS  |d 2019-11-20  |i 3684261  |o 418.007 WEN 1987  |p 3684261  |r 2025-01-22  |w 2019-11-20  |y BK  |k MLA